| 000 | 00557nam a2200181Ia 4500 | ||
|---|---|---|---|
| 008 | 090123s9999 xx 000 0 und d | ||
| 082 | _b30396 | ||
| 100 | _aपाडळकर विजय | ||
| 245 | _aरानातील प्रकाश | ||
| 250 | _a1 | ||
| 260 | _bमेहता प्रकाशन | ||
| 300 | _a78 | ||
| 600 | _aपाडळकर विजय | ||
| 630 | _aरानातील प्रकाश | ||
| 700 | _aपाडळकर विजय | ||
| 730 | _aरानातील प्रकाश | ||
| 942 | _cBOOK | ||
| 999 |
_c65490 _d65490 |
||